000 00795nam a2200229 i 4500
001 71585
003 ES-MaACL
005 20251130063153.0
007 t|
008 190718s1933 fr ||||1| fre d
100 1 _aHardy, Georges,
_d1884-1972
_961829
245 1 0 _aGéographie et colonisation / Georges Hardy ; avant-propos "Qu'est-ce que la géographie humaine?" par Pierre Deffontaines.
260 _aParis :
_bLibrairie Gallimard,
_c1933.
300 _a207 p.-[40] p. de lám. :
_bil. ;
_c23 cm.
490 1 _aGéographie humaine
650 7 _aColonización
_2
_9135791
650 7 _aGeografía humana
_2embne
_9136176
700 1 _aDeffontaines, Pierre,
_d1894-1978
_943201
830 0 _aGéographie humaine
_9183335
852 _aES-MaACL
_jP-709-1
999 _c71585
_d71585